000 00345 a2200145 4500
001 155919
040 _cEscola São Tomás de Aquino
100 _aSANT'ANNA, Eliana Mariz Câmara
240 1 0 _aPor que os peixes morrem ?
_lpor
245 1 0 _aPor que os peixes morrem ?
300 _a23
362 0 _a1999
697 _aCIÊNCIAS
942 _cBK
999 _c155919
_d155919